| 000 | 00443nam a2200181Ia 4500 | ||
|---|---|---|---|
| 005 | 20240704022955.0 | ||
| 008 | 240331s9999 xx 000 0 und d | ||
| 020 | _a0415073561 | ||
| 082 |
_a155 _bPRO |
||
| 100 | _aProbyn, E | ||
| 245 | 0 |
_aSexing the self : _bgendered positions in cultural studies |
|
| 260 |
_aLondon _bRoutledge _c1993 |
||
| 300 | _ax, 189 p ., | ||
| 650 | _aSex | ||
| 650 | _aPsychology | ||
| 650 | _aCultural | ||
| 942 | _cL | ||
| 999 |
_c746 _d746 |
||